| 000 | 00525nam a2200205Ia 4500 | ||
|---|---|---|---|
| 008 | 160901s9999 xx 000 0 und d | ||
| 020 | _a0-7821-4102-1 | ||
| 050 | _aComSc QA 76.73 | ||
| 050 | _b.J38J38 2002 | ||
| 245 | _aJava 2, J2SE 1.4 complete / | ||
| 245 | _ccompilation editor, John Zukowski | ||
| 260 | _aLondon : | ||
| 260 | _bSybex Inc., | ||
| 260 | _c2002 | ||
| 300 | _a1015 pages : | ||
| 300 | _bill. ; | ||
| 300 | _c21 cm. | ||
| 500 | _aIncludes index. | ||
| 650 | _aJava (Computer program language). | ||
| 999 |
_c300795 _d300795 |
||